[Event "WYCC Girls U14"]
[Site "Porto Carras"]
[Date "2015.10.27"]
[Round "3.7"]
[White "Schulze, Lara"]
[Black "Goltseva, Ekaterina"]
[Result "0-1"]
[BlackElo "2114"]
[WhiteElo "1947"]
[LiveChessVersion "1.4.6"]

1. e4 {[%clk 1:30:57]} c5 {[%clk 1:30:56]} 2. Nf3 {[%clk 1:31:21]} Nc6
{[%clk 1:31:21]} 3. d4 {[%clk 1:31:45]} cxd4 {[%clk 1:31:47]} 4. Nxd4
{[%clk 1:32:08]} Nf6 {[%clk 1:32:09]} 5. Nc3 {[%clk 1:32:15]} e5 {[%clk 1:32:26]}
6. Ndb5 {[%clk 1:32:28]} d6 {[%clk 1:32:46]} 7. Bg5 {[%clk 1:32:40]} a6
{[%clk 1:33:09]} 8. Na3 {[%clk 1:33:03]} b5 {[%clk 1:33:36]} 9. Nd5
{[%clk 1:33:25]} Be7 {[%clk 1:33:58]} 10. Bxf6 {[%clk 1:33:50]} Bxf6
{[%clk 1:34:24]} 11. c3 {[%clk 1:34:03]} Rb8 {[%clk 1:34:37]} 12. Nc2
{[%clk 1:34:20]} Bg5 {[%clk 1:34:37]} 13. a4 {[%clk 1:27:04]} bxa4
{[%clk 1:34:27]} 14. Ncb4 {[%clk 1:27:13]} Nxb4 {[%clk 1:33:34]} 15. cxb4
{[%clk 1:27:17]} O-O {[%clk 1:28:27]} 16. Rxa4 {[%clk 1:26:03]} Bb7
{[%clk 1:19:01]} 17. Bc4 {[%clk 1:10:16]} Rc8 {[%clk 1:13:36]} 18. b3
{[%clk 1:06:34]} Bc6 {[%clk 1:05:12]} 19. Ra1 {[%clk 0:55:43]} Bb5
{[%clk 0:52:08]} 20. Bxb5 {[%clk 0:52:52]} axb5 {[%clk 0:52:30]} 21. Qd3
{[%clk 0:49:54]} f5 {[%clk 0:41:45]} 22. O-O {[%clk 0:45:07]} fxe4
{[%clk 0:35:39]} 23. Qxe4 {[%clk 0:45:06]} Ra8 {[%clk 0:23:16]} 24. Rxa8
{[%clk 0:32:19]} Qxa8 {[%clk 0:23:42]} 25. Nc3 {[%clk 0:30:53]} Bd2
{[%clk 0:21:16]} 26. Qd5+ {[%clk 0:29:46]} Qxd5 {[%clk 0:21:31]} 27. Nxd5
{[%clk 0:30:13]} Ra8 {[%clk 0:20:55]} 28. g3 {[%clk 0:26:35]} Kf7
{[%clk 0:17:54]} 29. f4 {[%clk 0:15:40]} e4 {[%clk 0:17:17]} 30. Rf2
{[%clk 0:14:19]} e3 {[%clk 0:16:14]} 31. Re2 {[%clk 0:14:43]} Ra3
{[%clk 0:13:18]} 32. Nxe3 {[%clk 0:13:58]} Bxb4 {[%clk 0:13:35]} 33. Rb2
{[%clk 0:09:17]} Bc3 {[%clk 0:13:10]} 34. Rb1 {[%clk 0:09:40]} Bd4
{[%clk 0:13:18]} 35. Kf2 {[%clk 0:09:59]} Ra2+ {[%clk 0:13:29]} 36. Kf3
{[%clk 0:10:24]} Ke6 {[%clk 0:11:54]} 37. Re1 {[%clk 0:07:40]} Bc5
{[%clk 0:07:16]} 38. f5+ {[%clk 0:04:13]} Kd7 {[%clk 0:06:41]} 39. Re2
{[%clk 0:02:48]} Ra3 {[%clk 0:06:33]} 40. Rb2 {[%clk 0:32:42]} Kc6
{[%clk 0:36:13]} 41. Nc2 {[%clk 0:20:01]} Ra8 {[%clk 0:36:13]} 42. b4
{[%clk 0:20:05]} Bb6 {[%clk 0:36:10]} 43. Rb3 {[%clk 0:19:00]} Re8
{[%clk 0:31:21]} 44. Rd3 {[%clk 0:17:39]} d5 {[%clk 0:24:05]} 45. Nd4+
{[%clk 0:16:46]} Bxd4 {[%clk 0:24:26]} 46. Rxd4 {[%clk 0:17:16]} Kd6
{[%clk 0:24:13]} 47. g4 {[%clk 0:14:19]} Rc8 {[%clk 0:23:59]} 48. Ke3
{[%clk 0:11:52]} Ke5 {[%clk 0:23:26]} 49. h3 {[%clk 0:06:33]} Rc4
{[%clk 0:21:27]} 50. Rxc4 {[%clk 0:04:20]} dxc4 {[%clk 0:21:52]} 51. h4
{[%clk 0:02:57]} h5 {[%clk 0:21:16]} 52. gxh5 {[%clk 0:01:32]} Kxf5
{[%clk 0:21:41]} 53. Kf3 {[%clk 0:01:56]} Ke5 {[%clk 0:21:41]} 54. Ke3
{[%clk 0:02:22]} Kd5 {[%clk 0:21:53]} 55. Kf4 {[%clk 0:00:34]} c3
{[%clk 0:22:05]} 56. Kf5 {[%clk 0:00:34]} c2 {[%clk 0:22:29]} 57. Kg6
{[%clk 0:01:00]} c1=Q {[%clk 0:22:47]} 58. Kxg7 {[%clk 0:01:26]} Qb2+
{[%clk 0:23:10]} 59. Kg8 {[%clk 0:01:47]} Qxb4 {[%clk 0:23:37]} 60. h6
{[%clk 0:02:02]} Qxh4 {[%clk 0:24:03]} 61. h7 {[%clk 0:02:19]} b4 0-1

[Event "WYCC Girls U14"]
[Site "Porto Carras"]
[Date "2015.10.27"]
[Round "3.8"]
[White "Afonasieva, Anna"]
[Black "Serikbay, Assel"]
[Result "1-0"]
[BlackElo "1978"]
[WhiteElo "2093"]
[LiveChessVersion "1.4.6"]

1. d4 {[%clk 1:30:58]} d5 {[%clk 1:30:50]} 2. c4 {[%clk 1:31:08]} c6
{[%clk 1:31:09]} 3. Nc3 {[%clk 1:30:31]} Nf6 {[%clk 1:31:27]} 4. Bg5
{[%clk 1:29:03]} a6 {[%clk 1:30:19]} 5. e3 {[%clk 1:28:24]} e6 {[%clk 1:25:35]}
6. Bd3 {[%clk 1:27:20]} Be7 {[%clk 1:25:17]} 7. Qc2 {[%clk 1:26:52]} Nbd7
{[%clk 1:22:04]} 8. cxd5 {[%clk 1:26:19]} exd5 {[%clk 1:21:30]} 9. Nge2
{[%clk 1:25:41]} O-O {[%clk 1:21:10]} 10. g4 {[%clk 1:20:59]} Nxg4
{[%clk 0:52:13]} 11. Bxh7+ {[%clk 1:18:49]} Kh8 {[%clk 0:51:12]} 12. h4
{[%clk 1:17:41]} g6 {[%clk 0:34:06]} 13. Bxg6 {[%clk 1:10:35]} fxg6
{[%clk 0:34:13]} 14. Nf4 {[%clk 1:10:38]} Rxf4 {[%clk 0:30:52]} 15. Bxf4
{[%clk 1:10:29]} Nf8 {[%clk 0:27:48]} 16. O-O-O {[%clk 1:09:53]} Bf5
{[%clk 0:26:50]} 17. Qe2 {[%clk 1:09:04]} b5 {[%clk 0:23:36]} 18. f3
{[%clk 1:05:51]} Nf6 {[%clk 0:23:39]} 19. Be5 {[%clk 1:01:12]} Qc8
{[%clk 0:17:49]} 20. Rdg1 {[%clk 0:55:55]} Qe8 {[%clk 0:11:36]} 21. h5
{[%clk 0:49:10]} g5 {[%clk 0:06:53]} 22. Rxg5 {[%clk 0:49:13]} Bh7
{[%clk 0:07:14]} 23. Qg2 {[%clk 0:48:22]} Ne6 {[%clk 0:06:51]} 24. Rg6
{[%clk 0:45:19]} Qf7 {[%clk 0:04:28]} 25. Qh3 {[%clk 0:44:27]} a5
{[%clk 0:02:32]} 26. Qf5 {[%clk 0:43:28]} Rf8 {[%clk 0:02:32]} 27. Rhg1
{[%clk 0:40:23]} a4 {[%clk 0:01:26]} 28. Rh6 {[%clk 0:39:02]} Nd8
{[%clk 0:00:38]} 29. Rgg6 {[%clk 0:38:14]} Rg8 {[%clk 0:00:34]} 30. Rxf6
{[%clk 0:37:39]} Rg1+ {[%clk 0:00:39]} 31. Nd1 {[%clk 0:37:44]} 1-0

[Event "WYCC Girls U14"]
[Site "Porto Carras"]
[Date "2015.10.27"]
[Round "3.9"]
[White "Koridze, Lile"]
[Black "Wang, Annie"]
[Result "0-1"]
[BlackElo "2087"]
[WhiteElo "1937"]
[LiveChessVersion "1.4.6"]

1. d4 {[%clk 1:30:58]} Nf6 {[%clk 1:30:52]} 2. c4 {[%clk 1:31:24]} e6
{[%clk 1:31:17]} 3. Nc3 {[%clk 1:31:50]} Bb4 {[%clk 1:31:42]} 4. e3
{[%clk 1:32:16]} O-O {[%clk 1:32:06]} 5. Nge2 {[%clk 1:32:43]} d5
{[%clk 1:32:28]} 6. a3 {[%clk 1:33:08]} Be7 {[%clk 1:32:48]} 7. cxd5
{[%clk 1:33:33]} exd5 {[%clk 1:33:08]} 8. Nf4 {[%clk 1:33:58]} c6
{[%clk 1:33:28]} 9. Bd3 {[%clk 1:34:19]} Re8 {[%clk 1:33:50]} 10. O-O
{[%clk 1:34:30]} Nbd7 {[%clk 1:34:09]} 11. f3 {[%clk 1:34:01]} Nf8
{[%clk 1:34:28]} 12. Bc2 {[%clk 1:34:24]} Ne6 {[%clk 1:34:50]} 13. e4
{[%clk 1:34:20]} dxe4 {[%clk 1:35:09]} 14. Nxe6 {[%clk 1:34:45]} Bxe6
{[%clk 1:35:29]} 15. fxe4 {[%clk 1:35:07]} c5 {[%clk 1:35:34]} 16. d5
{[%clk 1:34:34]} Bg4 {[%clk 1:35:52]} 17. Qd3 {[%clk 1:34:57]} Bd6
{[%clk 1:36:01]} 18. Bg5 {[%clk 1:25:21]} Be5 {[%clk 1:30:16]} 19. Kh1
{[%clk 1:21:11]} Bh5 {[%clk 1:24:35]} 20. Ba4 Re7 {[%clk 1:13:44]} 21. Rae1
{[%clk 1:00:35]} a6 {[%clk 1:08:18]} 22. Bxf6 {[%clk 0:39:22]} Bxf6
{[%clk 1:08:00]} 23. Qg3 {[%clk 0:29:53]} Be5 {[%clk 1:03:58]} 24. Qh4
{[%clk 0:25:30]} Bg6 {[%clk 1:01:41]} 25. Bc2 {[%clk 0:19:11]} Qd6
{[%clk 0:59:03]} 26. Nd1 {[%clk 0:17:19]} Rae8 {[%clk 0:55:59]} 27. Qh3
{[%clk 0:12:52]} Bd4 {[%clk 0:53:34]} 28. Qf3 {[%clk 0:09:54]} f5
{[%clk 0:46:54]} 29. Nc3 {[%clk 0:07:05]} Bxc3 {[%clk 0:43:28]} 30. Qxc3
{[%clk 0:06:45]} fxe4 {[%clk 0:43:43]} 31. Re3 {[%clk 0:07:00]} b5
{[%clk 0:42:48]} 32. Qd2 {[%clk 0:05:42]} Re5 {[%clk 0:41:54]} 33. Qf2
{[%clk 0:05:36]} Rf5 {[%clk 0:39:00]} 34. Qe2 {[%clk 0:05:16]} Rxf1+
{[%clk 0:38:28]} 35. Qxf1 {[%clk 0:05:41]} Qxd5 {[%clk 0:38:29]} 36. a4
{[%clk 0:05:39]} Rf8 {[%clk 0:37:15]} 37. Qe2 {[%clk 0:05:45]} Bh5
{[%clk 0:37:00]} 38. Qe1 {[%clk 0:06:08]} Qd2 {[%clk 0:36:47]} 39. Bxe4
{[%clk 0:05:23]} Qxb2 {[%clk 0:30:39]} 40. axb5 {[%clk 0:34:46]} axb5
{[%clk 0:59:55]} 41. Rh3 {[%clk 0:29:18]} Qf6 {[%clk 0:57:13]} 42. Qg1
{[%clk 0:27:54]} Bg6 {[%clk 0:56:15]} 43. Bd5+ {[%clk 0:26:11]} Kh8
{[%clk 0:56:25]} 44. Rf3 {[%clk 0:25:43]} Qd6 {[%clk 0:56:12]} 45. Qf1
{[%clk 0:23:40]} Rxf3 {[%clk 0:56:11]} 46. Qxf3 {[%clk 0:23:23]} h6
{[%clk 0:56:13]} 47. h3 {[%clk 0:23:00]} c4 {[%clk 0:56:12]} 48. Bc6
{[%clk 0:21:19]} b4 {[%clk 0:55:59]} 49. Bd5 {[%clk 0:20:47]} c3 {[%clk 0:56:09]}
50. Bb3 {[%clk 0:21:06]} Qd8 {[%clk 0:54:18]} 51. Qc6 {[%clk 0:20:29]} Kh7
{[%clk 0:48:27]} 52. Qc4 {[%clk 0:19:53]} Qf8 {[%clk 0:47:49]} 53. Qe2
{[%clk 0:18:46]} Qf5 {[%clk 0:43:52]} 54. Kh2 {[%clk 0:18:00]} Qf4+
{[%clk 0:41:22]} 55. g3 {[%clk 0:17:45]} Qe4 {[%clk 0:36:13]} 56. Qa2
{[%clk 0:17:53]} c2 {[%clk 0:36:12]} 57. Bg8+ {[%clk 0:18:05]} Kh8
{[%clk 0:36:32]} 0-1

[Event "WYCC Girls U14"]
[Site "Porto Carras"]
[Date "2015.10.27"]
[Round "3.10"]
[White "Grigorieva, Yulia"]
[Black "Redondo Benavente, Ana"]
[Result "1/2-1/2"]
[BlackElo "2064"]
[WhiteElo "1935"]
[LiveChessVersion "1.4.6"]

1. d4 {[%clk 1:30:55]} d6 {[%clk 1:30:49]} 2. c4 {[%clk 1:30:31]} e5
{[%clk 1:30:58]} 3. dxe5 {[%clk 1:27:16]} dxe5 {[%clk 1:31:07]} 4. Qxd8+
{[%clk 1:27:16]} Kxd8 {[%clk 1:31:25]} 5. Nc3 {[%clk 1:26:43]} Be6
{[%clk 1:30:20]} 6. b3 {[%clk 1:22:28]} c6 {[%clk 1:27:20]} 7. Bb2
{[%clk 1:19:58]} f6 {[%clk 1:26:11]} 8. e3 {[%clk 1:13:07]} a5 {[%clk 1:20:24]}
9. O-O-O+ {[%clk 1:05:00]} Kc7 {[%clk 1:18:59]} 10. Nf3 {[%clk 0:54:12]} Na6
{[%clk 1:15:09]} 11. Na4 {[%clk 0:50:52]} Nc5 {[%clk 1:10:45]} 12. Nxc5
{[%clk 0:43:42]} Bxc5 {[%clk 1:08:53]} 13. Nxe5 {[%clk 0:41:48]} fxe5
{[%clk 0:55:55]} 14. Bxe5+ {[%clk 0:42:11]} Kb6 {[%clk 0:56:06]} 15. Bxg7
{[%clk 0:41:22]} Ne7 {[%clk 0:55:55]} 16. Bxh8 {[%clk 0:38:50]} Rxh8
{[%clk 0:56:11]} 17. Bd3 {[%clk 0:33:33]} h5 {[%clk 0:54:25]} 18. Rhe1
{[%clk 0:25:31]} Nf5 {[%clk 0:46:44]} 19. Bxf5 {[%clk 0:20:42]} Bxf5
{[%clk 0:47:05]} 20. e4 {[%clk 0:20:32]} Be6 {[%clk 0:43:37]} 21. f3
{[%clk 0:17:30]} a4 {[%clk 0:42:04]} 22. Rd3 {[%clk 0:13:38]} Ra8
{[%clk 0:36:56]} 23. Kb1 {[%clk 0:08:18]} axb3 {[%clk 0:33:44]} 24. axb3
{[%clk 0:08:27]} Bf8 {[%clk 0:33:20]} 25. Rde3 {[%clk 0:07:21]} Bg7
{[%clk 0:28:53]} 26. e5 {[%clk 0:06:46]} Bf8 {[%clk 0:28:50]} 27. Kb2
{[%clk 0:03:27]} Ba3+ {[%clk 0:28:10]} 28. Kc3 {[%clk 0:03:42]} Kc5
{[%clk 0:21:41]} 29. Ra1 {[%clk 0:02:42]} Bb4+ {[%clk 0:20:01]} 30. Kb2
{[%clk 0:03:07]} Rd8 {[%clk 0:20:11]} 31. Re2 {[%clk 0:01:59]} Rd3
{[%clk 0:19:10]} 32. Rc1 {[%clk 0:00:44]} Bd2 {[%clk 0:16:31]} 33. Rd1
{[%clk 0:00:36]} Bc3+ {[%clk 0:13:38]} 34. Kc2 {[%clk 0:01:00]} Rxd1
{[%clk 0:13:45]} 35. Kxd1 {[%clk 0:01:26]} b5 {[%clk 0:13:52]} 36. Kc2
{[%clk 0:00:35]} Kb4 {[%clk 0:09:37]} 37. h4 {[%clk 0:00:37]} bxc4
{[%clk 0:09:04]} 38. bxc4 {[%clk 0:00:48]} Kxc4 {[%clk 0:09:02]} 39. Re4+
{[%clk 0:00:42]} Bd4 {[%clk 0:09:27]} 40. g4 {[%clk 0:30:36]} hxg4
{[%clk 0:39:04]} 41. fxg4 {[%clk 0:30:53]} Kd5 {[%clk 0:39:11]} 42. Re1
{[%clk 0:21:50]} Bxg4 {[%clk 0:38:33]} 43. e6 {[%clk 0:18:40]} Bxe6
{[%clk 0:37:05]} 44. h5 {[%clk 0:18:54]} c5 {[%clk 0:36:24]} 45. h6
{[%clk 0:17:03]} Bf5+ {[%clk 0:36:26]} 46. Kc1 {[%clk 0:16:05]} Be4
{[%clk 0:36:13]} 47. Re2 {[%clk 0:07:45]} c4 {[%clk 0:34:47]} 48. Rh2
{[%clk 0:07:08]} Bh7 {[%clk 0:34:16]} 49. Re2 {[%clk 0:04:44]} Be5
{[%clk 0:34:06]} 50. Rf2 {[%clk 0:01:48]} Ke6 {[%clk 0:33:29]} 51. Kd1
{[%clk 0:00:40]} c3 {[%clk 0:33:12]} 52. Kc1 {[%clk 0:00:34]} Bf6
{[%clk 0:32:51]} 53. Rg2 {[%clk 0:00:35]} Kd5 {[%clk 0:31:13]} 54. Rg4
{[%clk 0:00:39]} Bd4 {[%clk 0:30:49]} 55. Rg5+ {[%clk 0:00:36]} Kc4
{[%clk 0:31:06]} 56. Rg3 {[%clk 0:00:45]} Kd5 {[%clk 0:30:43]} 57. Rf3
{[%clk 0:00:38]} c2 {[%clk 0:17:19]} 58. Rc3 {[%clk 0:00:39]} Be5
{[%clk 0:14:33]} 59. Rxc2 {[%clk 0:00:45]} Bf4+ {[%clk 0:11:39]} 60. Kd1
{[%clk 0:01:01]} Be4 {[%clk 0:11:48]} 61. Ra2 {[%clk 0:00:42]} Bf3+
{[%clk 0:11:20]} 62. Ke1 {[%clk 0:00:44]} Bxh6 {[%clk 0:11:18]} 63. Kf2
{[%clk 0:00:45]} 1/2-1/2

[Event "WYCC Girls U14"]
[Site "Porto Carras"]
[Date "2015.10.27"]
[Round "3.11"]
[White "Du, Yuxin"]
[Black "Kovacs, Judit"]
[Result "0-1"]
[BlackElo "1950"]
[WhiteElo "2053"]
[LiveChessVersion "1.4.6"]

1. e4 {[%clk 1:30:56]} c5 {[%clk 1:30:52]} 2. Nf3 {[%clk 1:31:20]} e6
{[%clk 1:31:08]} 3. g3 {[%clk 1:31:42]} Nc6 {[%clk 1:30:34]} 4. Bg2
{[%clk 1:32:04]} Nf6 {[%clk 1:30:31]} 5. Qe2 {[%clk 1:32:26]} d5 {[%clk 1:30:14]}
6. exd5 {[%clk 1:32:43]} Nxd5 {[%clk 1:28:18]} 7. O-O {[%clk 1:32:35]} Be7
{[%clk 1:27:37]} 8. Rd1 {[%clk 1:30:49]} O-O {[%clk 1:18:41]} 9. d4
{[%clk 1:29:41]} cxd4 {[%clk 1:13:45]} 10. Nxd4 {[%clk 1:29:04]} Nxd4
{[%clk 1:06:42]} 11. Rxd4 {[%clk 1:29:13]} Bf6 {[%clk 1:05:36]} 12. Rd1
{[%clk 1:28:46]} Qa5 {[%clk 1:03:20]} 13. Nd2 {[%clk 1:22:13]} Rd8
{[%clk 0:54:35]} 14. Nb3 {[%clk 1:18:42]} Qb4 {[%clk 0:46:34]} 15. c3
{[%clk 1:18:37]} Qe7 {[%clk 0:45:43]} 16. c4 {[%clk 0:50:57]} Nb6
{[%clk 0:41:26]} 17. Be3 {[%clk 0:49:29]} Qc7 {[%clk 0:40:20]} 18. Rxd8+
{[%clk 0:45:56]} Bxd8 {[%clk 0:37:05]} 19. Rd1 {[%clk 0:42:28]} Bf6
{[%clk 0:26:49]} 20. c5 {[%clk 0:28:53]} Nd5 {[%clk 0:24:07]} 21. Bxd5
{[%clk 0:18:14]} exd5 {[%clk 0:24:31]} 22. Bg5 {[%clk 0:10:51]} Be6
{[%clk 0:19:28]} 23. Bxf6 {[%clk 0:11:12]} gxf6 {[%clk 0:19:52]} 24. Nd4
{[%clk 0:10:54]} Bh3 {[%clk 0:17:14]} 25. Qh5 {[%clk 0:07:40]} Qd7
{[%clk 0:16:28]} 26. Qh6 {[%clk 0:05:21]} Re8 {[%clk 0:09:16]} 27. Qxf6
{[%clk 0:05:30]} Qa4 {[%clk 0:08:39]} 28. Qg5+ {[%clk 0:04:14]} Kh8
{[%clk 0:09:03]} 29. b3 {[%clk 0:04:01]} Qxd4 0-1

[Event "WYCC Girls U14"]
[Site "Porto Carras"]
[Date "2015.10.27"]
[Round "3.12"]
[White "Kalaiyalahan, Akshaya"]
[Black "Grigoryan, Arpine"]
[Result "1-0"]
[BlackElo "1946"]
[WhiteElo "2233"]
[LiveChessVersion "1.4.6"]

1. Nf3 {[%clk 1:30:54]} Nf6 {[%clk 1:30:54]} 2. c4 {[%clk 1:31:16]} e6
{[%clk 1:31:14]} 3. g3 {[%clk 1:31:38]} b6 {[%clk 1:31:05]} 4. Bg2
{[%clk 1:31:52]} Bb7 {[%clk 1:31:06]} 5. O-O {[%clk 1:31:57]} c5 {[%clk 1:28:54]}
6. Nc3 {[%clk 1:30:06]} Be7 {[%clk 1:28:32]} 7. d4 {[%clk 1:29:48]} cxd4
{[%clk 1:27:23]} 8. Qxd4 {[%clk 1:30:08]} O-O {[%clk 1:24:51]} 9. Rd1
{[%clk 1:30:04]} Qc8 {[%clk 1:13:09]} 10. Bf4 {[%clk 1:19:40]} Nc6
{[%clk 1:09:38]} 11. Qd2 {[%clk 1:18:56]} Rd8 {[%clk 1:06:30]} 12. Bd6
{[%clk 1:11:38]} Bxd6 {[%clk 0:59:23]} 13. Qxd6 {[%clk 1:12:02]} Na5
{[%clk 0:58:39]} 14. b3 {[%clk 1:11:35]} Qc6 {[%clk 0:58:13]} 15. Qxc6
{[%clk 1:06:25]} Bxc6 {[%clk 0:58:05]} 16. Rd4 {[%clk 1:03:55]} Rac8
{[%clk 0:55:39]} 17. Rad1 {[%clk 0:57:45]} Kf8 {[%clk 0:53:35]} 18. e4
{[%clk 0:53:48]} Nb7 {[%clk 0:48:05]} 19. Ne5 {[%clk 0:48:29]} a6
{[%clk 0:39:57]} 20. b4 {[%clk 0:42:31]} b5 {[%clk 0:39:08]} 21. a4
{[%clk 0:42:43]} bxa4 {[%clk 0:32:05]} 22. Nxc6 {[%clk 0:29:37]} dxc6
{[%clk 0:32:21]} 23. e5 {[%clk 0:27:48]} Rxd4 {[%clk 0:31:05]} 24. Rxd4
{[%clk 0:28:14]} Ne8 {[%clk 0:31:12]} 25. Rd7 {[%clk 0:26:46]} Nd8
{[%clk 0:30:53]} 26. Nxa4 {[%clk 0:26:37]} Nc7 {[%clk 0:23:39]} 27. Nc5
{[%clk 0:25:49]} g6 {[%clk 0:22:49]} 28. Ne4 {[%clk 0:23:44]} Ne8
{[%clk 0:22:21]} 29. f4 {[%clk 0:19:17]} Rb8 {[%clk 0:20:01]} 30. Nc5
{[%clk 0:19:33]} Ra8 {[%clk 0:19:46]} 31. Nb7 {[%clk 0:13:07]} Nxb7
{[%clk 0:19:54]} 32. Rxb7 {[%clk 0:13:33]} a5 {[%clk 0:17:08]} 33. bxa5
{[%clk 0:13:55]} Rxa5 {[%clk 0:16:53]} 34. Bxc6 {[%clk 0:14:18]} Rc5
{[%clk 0:17:07]} 35. Bb5 {[%clk 0:13:28]} h6 {[%clk 0:13:35]} 36. Rb8 1-0

[Event "WYCC Girls U14"]
[Site "Porto Carras"]
[Date "2015.10.28"]
[Round "4.1"]
[White "Vaishali, R"]
[Black "Goltseva, Ekaterina"]
[Result "1-0"]
[BlackElo "2114"]
[WhiteElo "2314"]
[LiveChessVersion "1.4.6"]

1. Nf3 {[%clk 1:30:16]} c5 {[%clk 1:30:49]} 2. g3 {[%clk 1:30:11]} g6
{[%clk 1:30:52]} 3. Bg2 {[%clk 1:30:24]} Bg7 {[%clk 1:31:17]} 4. O-O
{[%clk 1:30:29]} Nc6 {[%clk 1:31:25]} 5. c4 {[%clk 1:30:27]} Nh6 {[%clk 1:31:28]}
6. Nc3 {[%clk 1:29:16]} Nf5 {[%clk 1:31:29]} 7. e3 {[%clk 1:26:35]} O-O
{[%clk 1:31:30]} 8. b3 {[%clk 1:24:45]} b6 {[%clk 1:19:55]} 9. Bb2
{[%clk 1:23:16]} Bb7 {[%clk 1:19:25]} 10. Qe2 {[%clk 1:12:45]} e6
{[%clk 1:14:01]} 11. d3 {[%clk 0:59:58]} d5 {[%clk 1:06:05]} 12. Nb5
{[%clk 0:56:00]} a6 {[%clk 0:50:00]} 13. Bxg7 {[%clk 0:50:54]} Kxg7
{[%clk 0:50:11]} 14. Na3 {[%clk 0:47:14]} Qe7 {[%clk 0:42:51]} 15. Nc2
{[%clk 0:42:39]} Rad8 {[%clk 0:41:33]} 16. Rfd1 {[%clk 0:40:35]} Nd6
{[%clk 0:34:25]} 17. h4 {[%clk 0:28:30]} f6 {[%clk 0:28:38]} 18. Qe1
{[%clk 0:19:22]} Qc7 {[%clk 0:26:35]} 19. Qc3 {[%clk 0:15:45]} Kg8
{[%clk 0:24:58]} 20. cxd5 {[%clk 0:12:20]} exd5 {[%clk 0:25:14]} 21. b4
{[%clk 0:11:59]} Nb5 {[%clk 0:23:45]} 22. Qb3 {[%clk 0:09:56]} Ne5
{[%clk 0:19:19]} 23. bxc5 {[%clk 0:07:00]} bxc5 {[%clk 0:18:24]} 24. Nxe5
{[%clk 0:05:56]} fxe5 {[%clk 0:18:40]} 25. a4 {[%clk 0:05:47]} c4
{[%clk 0:15:30]} 26. Qb2 {[%clk 0:04:43]} cxd3 {[%clk 0:13:31]} 27. Rxd3
{[%clk 0:04:36]} Nd6 {[%clk 0:10:36]} 28. Rad1 {[%clk 0:03:28]} e4
{[%clk 0:07:07]} 29. Rd4 {[%clk 0:01:18]} a5 {[%clk 0:07:08]} 30. Na3
{[%clk 0:01:17]} Rb8 {[%clk 0:05:11]} 31. Rc1 {[%clk 0:00:39]} Qf7
{[%clk 0:05:03]} 32. Rd2 {[%clk 0:00:38]} Bc6 {[%clk 0:01:10]} 33. Qd4
{[%clk 0:00:44]} Nf5 {[%clk 0:01:26]} 34. Qc5 {[%clk 0:00:43]} Rfc8
{[%clk 0:01:36]} 35. Qxa5 {[%clk 0:00:41]} Ra8 {[%clk 0:01:51]} 36. Qb4
{[%clk 0:00:53]} Qe8 {[%clk 0:00:42]} 37. Nb5 {[%clk 0:00:51]} Rcb8
{[%clk 0:00:35]} 38. Bf1 {[%clk 0:00:45]} Ne7 {[%clk 0:00:34]} 39. Qd4
{[%clk 0:00:43]} Qd7 {[%clk 0:00:41]} 40. Qe5 {[%clk 0:30:41]} Rb7
{[%clk 0:30:45]} 41. Nd4 {[%clk 0:25:38]} Bxa4 {[%clk 0:27:14]} 42. Ne6
{[%clk 0:25:45]} Nc6 {[%clk 0:27:22]} 43. Qxd5 {[%clk 0:25:24]} Qxd5
{[%clk 0:27:47]} 44. Rxd5 {[%clk 0:25:49]} Bb3 {[%clk 0:22:35]} 45. Bc4
{[%clk 0:20:34]} Bxc4 {[%clk 0:19:13]} 46. Rxc4 {[%clk 0:21:02]} Ne7
{[%clk 0:18:01]} 47. Rd8+ {[%clk 0:19:31]} Rxd8 {[%clk 0:18:15]} 48. Nxd8
{[%clk 0:19:57]} Rd7 {[%clk 0:17:31]} 49. Rxe4 {[%clk 0:19:55]} Nf5
{[%clk 0:17:42]} 50. Nc6 {[%clk 0:19:28]} Rc7 {[%clk 0:17:46]} 51. Nd4
{[%clk 0:19:35]} Nd6 {[%clk 0:17:56]} 52. Re6 {[%clk 0:19:50]} Rd7
{[%clk 0:17:50]} 53. Kg2 {[%clk 0:20:11]} Kf7 {[%clk 0:18:10]} 54. Re5
{[%clk 0:20:33]} Kf6 {[%clk 0:17:41]} 55. Rd5 {[%clk 0:20:48]} Ke7
{[%clk 0:17:26]} 56. Nb5 {[%clk 0:20:50]} Nxb5 {[%clk 0:17:37]} 57. Rxb5
{[%clk 0:21:18]} Kf6 {[%clk 0:17:46]} 58. g4 {[%clk 0:21:36]} h6 {[%clk 0:17:57]}
59. Kg3 {[%clk 0:21:08]} Rd6 {[%clk 0:17:51]} 60. f4 {[%clk 0:21:10]} Rd1
{[%clk 0:17:40]} 61. h5 {[%clk 0:21:02]} gxh5 {[%clk 0:17:39]} 62. Rxh5
{[%clk 0:21:22]} Kg6 {[%clk 0:17:56]} 63. Ra5 {[%clk 0:21:07]} Rg1+
{[%clk 0:17:59]} 64. Kf3 {[%clk 0:21:31]} Rf1+ {[%clk 0:18:17]} 65. Ke4
{[%clk 0:21:57]} Rg1 {[%clk 0:18:28]} 66. Ra6+ {[%clk 0:22:22]} Kg7
{[%clk 0:18:47]} 67. Kf5 {[%clk 0:22:48]} Rb1 {[%clk 0:18:52]} 68. Ra7+
{[%clk 0:22:57]} Kf8 {[%clk 0:19:10]} 69. e4 {[%clk 0:23:21]} Rb6
{[%clk 0:19:15]} 70. e5 {[%clk 0:23:45]} Rc6 {[%clk 0:19:21]} 71. e6
{[%clk 0:24:04]} Rc5+ {[%clk 0:19:39]} 72. Ke4 1-0